Number theory : structures, examples, and problems

Saved in:
Bibliographic Details
Main Author: Andreescu, Titu 1956-
Other Authors: Andrica, D. (Dorin)
Format: Book
Language:English
Published: Boston : Birkhauser, c2009
Subjects:
Tags: Add Tag
No Tags, Be the first to tag this record!

MARC

LEADER 00000nam a2200000 i 4500
001 1/37860
008 131030s2009 eng d
020 |a 978-0-8176-3245-8 
035 |l 10115913 
040 |a GR-MY-UA  |b gre  |e aacr 
041 0 |a eng 
082 0 |a 512.7  |2 (22) 
100 1 |a Andreescu, Titu  |d 1956- 
245 1 0 |a Number theory :  |b structures, examples, and problems /  |c Titu Andreescu, Dorin Andrica 
260 |a Boston :   |b Birkhauser,   |c c2009 
300 |a xviii, 384 σ.;  |c 25 εκ. 
504 |a Βιβλιογραφία: σ.[377]-380. Ευρετήρια 
650 0 0 |a Number theory. 
650 0 0 |a Number theory  |x Problems, exercises, etc. 
700 1 |a Andrica, D.  |q (Dorin) 
852 |a INST  |b SAMOS  |e 20131030  |h 512.7 AND  |p 005300040760  |q 005300040760  |t BK  |y 0 
901 |a BIBL3-2013-3 
909 |a Σ  |b 179468 
922 |a 3ΕΛΗ  |b 201306  |c ΤΜΗΜΑ ΜΑΘΗΜΑΤΙΚΩΝ  |d ΔΙΑΔΡΟΜΕΣ/ΔΡΕΣ 
970 |a ΚΟΣΙΕΡΗΣ  |b ΧΡΗΣΤΟΣ  |z 2013/10/30